00513nam a2200121Ia 4500041001200000082001200012100006700024245016400091260006600255300000900321650003700330650002400367 aEnglish aRP.0335 aPratap, DineshuDepartment of Geography, D.A.V. (P.G.) College 0aClimate variability/change and community's adaptation and coping strategies :ba study of Chakrata (Jaunsar-Bawar) tribal area of Uttarakhand / cDinesh Pratap aNew Delhi :bIndian Council of Social Science Research,c2017 a136p a Tribal areazIndiazUttarakhand aClimate variability